THE BHARATIYA NAGARIK SURAKSHA SANHITA , 2023 [46 OF 2023] (Record no. 8591)

MARC details
000 -LEADER
fixed length control field 00433nam a22001697a 4500
005 - DATE AND TIME OF LATEST TRANSACTION
control field 20240902111847.0
008 - FIXED-LENGTH DATA ELEMENTS--GENERAL INFORMATION
fixed length control field 240831b |||||||| |||| 00| 0 eng d
020 ## - INTERNATIONAL STANDARD BOOK NUMBER
ISBN 2017118033799
041 ## - LANGUAGE CODE
Language code of text/sound track or separate title eng
082 ## - DEWEY DECIMAL CLASSIFICATION NUMBER
Classification number 345.54 BAR
100 ## - MAIN ENTRY--AUTHOR NAME
Personal name BARE ACT
245 ## - TITLE STATEMENT
Title THE BHARATIYA NAGARIK SURAKSHA SANHITA , 2023 [46 OF 2023]
260 ## - PUBLICATION, DISTRIBUTION, ETC. (IMPRINT)
Place of publication DELHI
Name of publisher PROFESSIONAL BOOK PUBLISHERS
Year of publication 2024
300 ## - PHYSICAL DESCRIPTION
Number of Pages 398;p
650 ## - SUBJECT ADDED ENTRY--TOPICAL TERM
Topical Term LAW
942 ## - ADDED ENTRY ELEMENTS (KOHA)
Koha item type Books
Holdings
Lost status Damaged status Collection code Home library Current library Shelving location Date acquired Source of acquisition Cost, normal purchase price Serial Enumeration / chronology Full call number Accession Number Koha item type
    Reference JRU Library JRU Library SHELF-72-D 30/08/2024 PURCHASE 390.00 NEW ARRIVALS SHELF 345.54 28325 Books
    LAW JRU Library JRU Library SHELF- 66 C 30/08/2024 PURCHASE 390.00   345.54 28326 Books
    LAW JRU Library JRU Library SHELF- 66 C 30/08/2024 PURCHASE 390.00   345.54 28327 Books